National income analysis / (Record no. 454)
[ view plain ]
| 000 -LEADER | |
|---|---|
| fixed length control field | 00636nam a22001577a 4500 |
| 008 - FIXED-LENGTH DATA ELEMENTS--GENERAL INFORMATION | |
| fixed length control field | 120124t xxu||||| |||| 00| 0 eng d |
| 020 ## - INTERNATIONAL STANDARD BOOK NUMBER | |
| International Standard Book Number | 136094201 |
| 050 ## - LIBRARY OF CONGRESS CALL NUMBER | |
| Classification number | HB601.S38 |
| 100 ## - MAIN ENTRY--PERSONAL NAME | |
| Personal name | Schultze, Charles L. |
| 245 ## - TITLE STATEMENT | |
| Title | National income analysis / |
| Statement of responsibility, etc. | Charles, L. Schultze. |
| 260 ## - PUBLICATION, DISTRIBUTION, ETC. | |
| Place of publication, distribution, etc. | New Jersey: |
| Name of publisher, distributor, etc. | Prentice- Hall. |
| Date of publication, distribution, etc. | 1971. |
| 300 ## - PHYSICAL DESCRIPTION | |
| Extent | viii,162 p.: |
| Other physical details | ill.; |
| Dimensions | 23cm |
| 505 ## - FORMATTED CONTENTS NOTE | |
| Formatted contents note | Contents: Introduction -- National output and income -- The Determinants of gross national product -- Investment -- Money, prices and inflation -- Economic growth in the United States. |
| 650 ## - SUBJECT ADDED ENTRY--TOPICAL TERM | |
| Topical term or geographic name entry element | Gross national product |
| Geographic subdivision | United States. |
| 942 ## - ADDED ENTRY ELEMENTS (KOHA) | |
| Source of classification or shelving scheme | Library of Congress Classification |
| Koha item type | Books |
| Withdrawn status | Lost status | Source of classification or shelving scheme | Damaged status | Not for loan | Home library | Current library | Shelving location | Date acquired | Total Checkouts | Full call number | Barcode | Date last seen | Copy number | Price effective from | Koha item type |
|---|---|---|---|---|---|---|---|---|---|---|---|---|---|---|---|
| Library of Congress Classification | WISCONSIN INTERNATIONAL UNIVERSITY COLLEGE, GHANA - MAIN LIBRARY | WISCONSIN INTERNATIONAL UNIVERSITY COLLEGE, GHANA - MAIN LIBRARY | General Stacks | 24/01/2012 | HB601.S38 | 1019/11 | 24/01/2012 | 1 | 24/01/2012 | Books |
